Riconosci il Pokémon - Quiz n°739 - Statistics

Statistiche generali
  • Questo quiz è stato fatto 1 volte
  • Il punteggio medio è 10 su 10
Statistiche sulle risposte
Indizio Riposta % Corretto
Altezza 1,3 m
100%
Peso 42,0 kg
100%
Sesso 50% ♂, 50% ♀
100%
Tasso di cattura 75 (17.5%)
100%
Tipo Coleottero / Ghiaccio
100%
Pokémon Frosmoth
100%
Tasso di allevamento Medio-Veloce
100%
Generazione Ottava
100%
Abilità Polvoscudo; Geloscaglie
100%
Stadio evoluzione Prima evoluzione
100%
Nessun quiz corrispondente trovato
Distribuzione punteggi
Percentuale di utenti per punteggio
Percentile per numero di risposta
I tuoi punteggi nel tempo
Non hai fatto questo quiz